| 000 -CABECERA |
| fixed length control field |
00679nam a22001817a 4500 |
| 003 - IDENTIFICADOR DEL NÚMERO DE CONTROL |
| control field |
AR-CdUCM |
| 008 - DATOS DE LONGITUD FIJA--INFORMACIÓN GENERAL |
| fixed length control field |
190308b ||||| |||| 00| 0 spa d |
| 040 ## - FUENTE DE LA CATALOGACIÓN |
| Agencia/entidad que catalogó originalmente la obra |
MUNICIPALIDAD PROVINCIAL DEL CUSCO |
| Entidad que transcribió la catalogación |
BIBLIOTECA MUNICIPAL DEL CUSCO |
| 082 ## - NÚMERO DE LA CLASIFICACIÓN DECIMAL DEWEY |
| No. de Clasificación |
780.9 / |
| Notacion interna |
C81 |
| 100 ## - ENTRADA PRINCIPAL--NOMBRE DE PERSONA |
| Nombre Personal |
Combarieu, J, |
| 245 ## - MENCIÓN DE TÍTULO |
| Título |
Historie de la Musique : |
| Resto del título |
Des origines a la mort d Beethovn / |
| 260 ## - PUBLICACIÓN, DISTRIBUCIÓN, ETC. |
| Lugar de publicación, distribución, etc. |
París : |
| Nombre de la editorial, distribuidor, etc. |
Librairie Armand Colin ; |
| Fecha de publicación, distribución, etc. |
1913. |
| 300 ## - DESCRIPCIÓN FÍSICA |
| Nº de Páginas Extensión |
703 páginas , |
| Dimensiones |
23cm |
| 505 ## - NOTA DE CONTENIDO CON FORMATO |
| Nota de contenido formateada |
Contenido: La musique et la Magie -- Théorie du Rythme dans la composition musicale moderne -- Fragments de l'Énéideen musique... |
| 650 ## - PUNTO DE ACCESO ADICIONAL DE MATERIA--TÉRMINO DE MATERIA |
| Descriptor |
Musique |
| 9 (RLIN) |
13739 |
| 942 ## - ELEMENTOS DE PUNTO DE ACCESO ADICIONAL (KOHA) |
| Fuente de clasificación |
|
| Tipo de item |
Libros-BMC |
| 945 ## - PROCESAMIENTO DE INFORMACIÓN LOCAL (OCLC) |
| Catalogador |
nom |